Word Ladder: Great American Eclipse Quiz Stats

 Plays Quiz Updated Aug 21, 2017

Support Sporcle.
Go Orange.
Score 0/33 Timer 03:00
0 Plays Today
Hint 4-Letter Word % Correct
๐ŸŒ‘ Use eclipse glasses or solar filters, not sunglasses, to protect your ___ during the eclipse ๐ŸŒ‘โ˜€๏ธEYES๐ŸŒŽ
92.8%
Actor Brad of 'Troy'PITT
91.5%
Buck or doe, e.g.DEER
91.4%
Changes the color of one's hairDYES
90.8%
๐ŸŒ‘ A solar eclipse occurs when the ___ moves between the Sun and Earth ๐ŸŒ‘โ˜€๏ธMOON๐ŸŒŽ
90.5%
๐ŸŒ‘ Expect the temperature to ___ about 10ยฐF (5ยฐC) during totality ๐ŸŒ‘โ˜€๏ธDROP๐ŸŒŽ
89.4%
What a leaking faucet producesDRIP
88.7%
Not very spicyMILD
85.6%
Fungus that grows on spoiled US foodMOLD
85.4%
Object on a movie setPROP
85.3%
A state of mind or emotionMOOD
84.7%
Bugs Bunny or Daffy Duck, e.g.TOON
83.7%
Led Zeppelin's '___ Mak'er'D'YER
81.8%
Greek god of loveEROS
80.3%
Lose one's footingTRIP
80%
Active ingredient in many bug spraysDEET
79.7%
Affirmative votersPROS
78.1%
Hint 4-Letter Word % Correct
'You are,' en EspaรฑolERES
78%
Have supperDINE
75.5%
Alcoholic drink derived from grapesWINE
75.2%
Minnesota's NHL teamWILD
74.8%
It's left over after eating an orangeRIND
74.8%
๐ŸŒ‘ Due to the absence of sunlight during totality, ___ speed drops and its direction changes ๐ŸŒ‘โ˜€๏ธWIND๐ŸŒŽ
74.6%
Counterpart to a husbandWIFE
73.4%
1982 Disney sci-fi flick starring Jeff BridgesTRON
72.5%
๐ŸŒ‘ If you get the chance to see the eclipse, you'll remember it for the rest of your ___ ๐ŸŒ‘โ˜€๏ธLIFE๐ŸŒŽ
71.8%
Actress Amanda of 'The Whole Nine Yards'PEET
71.6%
Internal spongy material in a plantPITH
69.3%
Dutch painter MondrianPIET
68.5%
A small dent in a carDING
68.2%
๐ŸŒ‘ The ___ of totality travels through parts of 14 states beginning at approx. 10:15 a.m. PDT ๐ŸŒ‘โ˜€๏ธPATH๐ŸŒŽ
67.8%
'Too much,' en FranรงaisTROP
66.8%
๐ŸŒ‘ Pre-totality, sunlight passes across the moon, which with the Sun's corona creates the 'diamond ___' effect ๐ŸŒ‘โ˜€๏ธRING๐ŸŒŽ
66.5%

Today's Daily Dose

Missing Word
Inventors

Word Ladder
Feud Chain

Get the Picture
Domestic Movie Titles

From the Vault

10 Least Meltable Elements

by oxo

Science 3m
We do not recommend just going around and trying to melt things in order to do better on this quiz.
Remove Ads.
Support Sporcle.
Get the best of Sporcle when you Go Orange. This ad-free experience offers more features, more stats, and more fun while also helping to support Sporcle. Thank you for becoming a member.

Show Comments

Extras

Top Quizzes Today


Score Distribution

Your Account Isn't Verified!

In order to create a playlist on Sporcle, you need to verify the email address you used during registration. Go to your Sporcle Settings to finish the process.

Report this User

Report this user for behavior that violates our Community Guidelines.

Details: